ბათუმის შოთა რუსთაველის სახელმწიფო უნივერსიტეტის ბიბლიოთეკა

The Solvency II Handbook : (ბიბ.ჩანაწერი № 57679)

000 -LEADER
fixed length control field 00636nam a22001817a 4500
005 - DATE AND TIME OF LATEST TRANSACTION
control field 20200907115403.0
008 - FIXED-LENGTH DATA ELEMENTS--GENERAL INFORMATION
fixed length control field 200907s2009 enk||||| |||| 00| 0 eng d
020 ## - INTERNATIONAL STANDARD BOOK NUMBER
International Standard Book Number 9781906348199
041 ## - LANGUAGE CODE
Language code of text/sound track or separate title eng
080 ## - UNIVERSAL DECIMAL CLASSIFICATION NUMBER
Universal Decimal Classification number 339:368 T-44
245 ## - TITLE STATEMENT
Title The Solvency II Handbook :
Remainder of title Developing ERM Frameworks in insurance and Reinsurance Companies /
Statement of responsibility, etc. Edited by Marcelo Cruz.
264 ## - PRODUCTION, PUBLICATION, DISTRIBUTION, MANUFACTURE, AND COPYRIGHT NOTICE
Place of production, publication, distribution, manufacture Torquay:
Name of producer, publisher, distributor, manufacturer Riskbook,
Date of production, publication, distribution, manufacture, or copyright notice 2009.
300 ## - PHYSICAL DESCRIPTION
Extent 614 p.
Other physical details 24 cm.
653 ## - INDEX TERM--UNCONTROLLED
keyword დაზღვევა
653 ## - INDEX TERM--UNCONTROLLED
keyword სადაზღვევო კომპანიები
700 ## - ADDED ENTRY--PERSONAL NAME
Personal name Cruz, Marcelo
Relator term რედაქტორი
9 (RLIN) 9413
942 ## - ADDED ENTRY ELEMENTS (KOHA)
Source of classification or shelving scheme
Koha item type წიგნი
ეგზემპლარები
Withdrawn status Lost status Source of classification or shelving scheme Damaged status Not for loan Permanent Location Current Location Shelving location Date acquired Cost, normal purchase price Full call number Barcode Date last seen Copy number Price effective from Koha item type Public note
          ბათუმის შოთა რუსთაველის სახელმწიფო უნივერსიტეტის მთავარი ბიბლიოთეკა ბათუმის შოთა რუსთაველის სახელმწიფო უნივერსიტეტის მთავარი ბიბლიოთეკა წიგნსაცავი 2020-09-07 543.00 339:368 T-44 61003 2020-09-07 61003 2020-09-07 წიგნი 543 ლ.